LIBRARY & INFORMATION CENTRE, KCAET, TAVANUR

ONLINE PUBLIC ACCESS CATALOGUE (OPAC)

Hydraulic Machines / (Record no. 1395)

MARC details
000 -LEADER
fixed length control field 00340cam a2200145ua 4500
020 ## - INTERNATIONAL STANDARD BOOK NUMBER
ISBN 8120000269
082 ## - DEWEY DECIMAL CLASSIFICATION NUMBER
Classification number 621.2
Item number JAG/HY
100 ## - MAIN ENTRY--AUTHOR NAME
Personal name Jagdish, Lal.
245 ## - TITLE STATEMENT
Title Hydraulic Machines /
250 ## - EDITION STATEMENT
Edition statement 1 / 6
260 ## - PUBLICATION, DISTRIBUTION, ETC. (IMPRINT)
Place of publication :
Name of publisher Metropolitan Book Co Pvt Ltd ,
Year of publication 1978.
300 ## - PHYSICAL DESCRIPTION
Number of Pages 664 ; .
650 ## - SUBJECT ADDED ENTRY--TOPICAL TERM
Topical Term Fluidics
942 ## - ADDED ENTRY ELEMENTS (KOHA)
Koha item type Books
Holdings
Withdrawn status Lost status Damaged status Home library Current library Date acquired Full call number Accession Number Koha item type Collection code Shelving location Source of acquisition Cost, normal purchase price
      KAUAET KAUAET 07/04/2012 621.2 13468 Books        
      KAUAET KAUAET 07/04/2012 621.2 420 Books        
      KAUAET KAUAET 07/04/2012 621.2 14269 Books        
      KAUAET KAUAET 26/11/2012 621.2 JAG/HY 23639 Books Non-fiction General Stacks CosmoBooks, Calicut 300.00
      KAUAET KAUAET 30/03/2013 621.2 JAG/HY 23649 Books Non-fiction General Stacks Calicut Book Distributors 300.00
      KAUAET KAUAET 28/07/2016 621.2 JAG/HY 24197 Books   General Stacks   300.00
free website counter